000
00303nam a2200109Ia 4500
001
1272351
005
20260417151426.0
008
260417s9999 xx 000 0 und d
020
_a
9786255998576
245
0
_a
Çocuklar için Su Altı Yaşamı Ansiklopedisi
_c
Bohdana Jarosova
260
_b
Ketebe Çocuk
999
_c
1272351
_d
1272351